| 000 | 00600cam a22002057a 4500 | ||
|---|---|---|---|
| 999 |
_c126991 _d126991 |
||
| 001 | 16081635 | ||
| 003 | ARRUPE | ||
| 005 | 20170929092508.0 | ||
| 008 | 100203s2008 mz 000 f por | ||
| 010 | _a 2010324059 | ||
| 020 | _a9789024796083 | ||
| 040 |
_aDLC _cDLC |
||
| 050 | 0 | 0 | _aMLCS 2010/00877 (P) |
| 100 | 1 |
_aCouto, Mia, _d1955- _912281 |
|
| 245 | 1 | 0 |
_aVozes anoitecidas / _cMia Couto. |
| 260 |
_aMaputo : _bNdjira, _c2008. |
||
| 300 |
_a112 p. ; _c21 cm. |
||
| 906 |
_a7 _bcbc _corigode _d4 _encip _f20 _gy-gencatlg |
||
| 942 |
_2lcc _cMONOGRAPH |
||